Finding groups in data : an introduction to cluster analysis
Αποθηκεύτηκε σε:
| Κύριος συγγραφέας: | |
|---|---|
| Άλλοι συγγραφείς: | |
| Μορφή: | Βιβλίο |
| Γλώσσα: | English |
| Δημοσίευση: |
New York :
Wiley,
c1990
|
| Σειρά: | Wiley series in probability and mathematical statistics. Applied probability and statistics
|
| Θέματα: | |
| Ετικέτες: |
Προσθήκη ετικέτας
Δεν υπάρχουν, Καταχωρήστε ετικέτα πρώτοι!
|
MARC
| LEADER | 00000cam a2200000 i 4500 | ||
|---|---|---|---|
| 001 | 1/29038 | ||
| 008 | 950726s1990 eng d | ||
| 020 | |a 0471878766 | ||
| 035 | |l 10023146 | ||
| 040 | |a GR-MY-UA |b gre |e aacr | ||
| 041 | 0 | |a eng | |
| 082 | 0 | |a 519.53 | |
| 100 | 1 | |a Kaufman, Leonard. | |
| 245 | 1 | 0 | |a Finding groups in data : |b an introduction to cluster analysis / |c Leonard Kaufman, Peter J. Rousseeuw |
| 260 | |a New York : |b Wiley, |c c1990 | ||
| 300 | |a xiv, 342 p.; |b ill.; |c 24 cm | ||
| 490 | 1 | |a Wiley series in probability and mathematical statistics. Applied probability and statistics |x 0271-6356 | |
| 500 | |a "A Wiley-Interscience publication." | ||
| 500 | |a Includes index | ||
| 504 | |a Bibliography: p. 320-331 | ||
| 650 | 0 | 0 | |a Cluster analysis. |
| 700 | 1 | |a Rousseeuw, Peter J. | |
| 830 | 0 | |a Wiley series in probability and mathematical statistics. Applied probability and statistics | |
| 852 | |a INST |b CHIOS |e 19950726 |h 519.53 KAU |p 005200004117 |q 005200004117 |t BK |y 0 | ||
| 909 | |a Χ |b 031590 | ||